000 00307nam a22001457a 4500
008 210428b ||||| |||| 00| 0 eng d
020 _a9781571103079
041 _aeng
080 _a37
082 _a37
100 _a46
101 _aEDU
245 _aReading with Meaning
_cMiller.D
942 _2udc
_cBK
999 _c56917
_d56917